004670000a2200157000450000500170000024501260001726000380014330000110018104000080019236500120020065000140021265000170022665000340024365000140027765000180029120120302054120.0 a Modern philosophies and education: The fifty-fourth year book of the national society for the study of education: Part I aAllahabad:Central Book Depot,1955 ax,374p aENG bRs.6.75 aEducation aPhilosophies aModern Philosophies-Education aEducation aHuman Society